| 000 | 01605cam a2200445 i 4500 | ||
|---|---|---|---|
| 001 | sjds1098103 | ||
| 003 | sjds | ||
| 005 | 20170606134058.0 | ||
| 008 | 140115s2015 nyua a 000 1 eng | ||
| 010 | _a 2013050557 | ||
| 020 | _a9780803740914 (hardcover) | ||
| 020 | _a0803740913 (hardcover) | ||
| 020 | _a9780399186707 (pbk.) | ||
| 035 | _a719139 | ||
| 035 | _a(OCoLC)868427857 | ||
| 035 | _a710435 | ||
| 035 | _a719139 | ||
| 040 |
_aDLC _beng _erda _cDLC _dIG# _dBDX _dYDXCP _dBTCTA _dCLE _dNYP _dOCLCO |
||
| 041 |
_aeng _aspa |
||
| 042 |
_apcc _alcac |
||
| 049 | _aIFAA | ||
| 099 | _f2015 | ||
| 999 |
_c17369 _d17369 |
||
| 999 | _bPICTURE BOOKS LEBOX 2015 | ||
| 100 | 1 |
_aLeBox, Annette, _eauthor. |
|
| 245 | 1 | 3 |
_aLa paz es una ofrenda = Peace is an offering / _cwords by Annette LeBox ; pictures by Stephanie Graegin ; traducción de Teresa Mlawer |
| 246 | _aLa paz es una ofrenda | ||
| 246 | _aPeace is an offering | ||
| 260 |
_aNew York : _bDial Books for Young Readers, an imprint of Penguin Group (USA) _c[2015] |
||
| 264 | 1 |
_aNew York : _bDial Books for Young Readers, an imprint of Penguin Group (USA) LLC, _c[2015] |
|
| 300 |
_a1 volume (unpaged) : _bcolor illustrations ; _c24 cm |
||
| 336 |
_atext _2rdacontent |
||
| 336 |
_astill image _2rdacontent |
||
| 337 |
_aunmediated _2rdamedia |
||
| 338 |
_avolume _2rdacarrier |
||
| 520 | _aIllustrations and simple, rhyming text show different ways that peace can be found, made, and shared. | ||
| 650 | 0 |
_aStories in rhyme _vJuvenile literature. |
|
| 650 | 0 |
_aPeace _vJuvenile fiction. |
|
| 700 | 1 |
_aGraegin, Stephanie, _eillustrator. |
|
| 942 | _cBK | ||